000 00509nam a2200097Ia 4500
008 170517s9999 xx 000 0 und d
245 4 _aThe Whole World Is Watching
300 _aIf George Holliday, a 31-year-old plumbing contractor living in Lake View Terrace, Los Angeles, had not taken his camera outside to capture one footage, the beating of Rodney King, one of the most remembered human-rights atrocities of the 20th...
650 _xMedia.
856 _uhttp://topdocumentaryfilms.com/whole-world-watching/
999 _c333552
_d333552